000 00590nam a2200229Ia 4500
003 OSt
005 20221006163918.0
006 a|||||r|||| 00| 0
007 ta
008 221006b |||||||| |||| 00| 0 eng d
024 _a3,088
037 _cTextual
040 _aFML
_cFML
_beng
041 _2eng
_aeng
082 _aNR(Q5) v 54, K1
100 _aStevens Denis Au.
_9676185
245 0 _aTudor Church Music
260 _aLondon
_bFaber
_c1961
300 _a94
_ccm.
942 _hNR(Q5) v 54, K1
_cTEXL
_2CC
999 _c1115707
_d1115707